000 00357nam a22001457a 4500
003 OSt
020 _a9780007368549
082 _a153.8
_bARP
100 _aARIELY, Dan
245 _aPredictably Irrational: The hidden forces that shape our decisions
260 _aUK:
_bHarper,
_c208.
300 _axxii,278p.
650 _aGeneral Books
942 _2ddc
_cREF
999 _c12774
_d12774